Представление документа в формате RUSMARC

ПолеНазваниеЗначение
  Тип записи a
  Библиографический уровень m
001 Контрольный номер RU/IS/BASE/306952723
005 Дата корректировки 20201206204655.5
010 Индекс ISBN __
a ISBN 978-5-222-14519-7
d Цена 211-75
101 Язык документа __
a Язык текста rus
c Язык оригинала rus
200 Заглавие и сведения об ответственности 1_
a Заглавие Психодиагностика школьников
e Сведения, относящиеся к заглавию тексты, тесты, пояснения
f Первые сведения об ответственности авт.-сост. Г. И. Колесникова
b Общее обозначение материала Текст
210 Выходные данные __
a Место издания Ростов н/Д
c Издательство Феникс
d Дата издания 2009
215 Физическое описание __
a Объем 281 с.
225 Серия __
a Серия Библиотека школьника
330 Аннотация __
a Аннотация Собраны тесты с пояснениями и рекомендациями, предназначенные для исследования мышления, психических свойств личности, характера школьников
606 Тематические рубрики __
a Основная рубрика Психология
606 Тематические рубрики __
a Основная рубрика Детская психология
610 Ключевые слова __
a Ключевые слова психодиагностика школьников; психодиагностика подростков; психодиагностика родителей; мышление; мышление; мышление ребенка; темпераменты; эмоциональные нарушения; нарушения поведения; поведение школьников; школьная тревожность; коммуникативные умения; лидерские качества; логическое мышление; психологические тесты
686 Индексы других классификаций __
a Классификационный индекс 88.911; В88.8
702 Вторичная интеллектуальная ответственность _1
a Фамилия Колесникова
b Имя Г. И.
4 Код отношения Автор-составитель
801 Источник записи _0
a Страна RU
b Организация Муниципальное бюджетное учреждение культуры "Централизованная библиотечная система" г. Сургут (Центральная городская библиотека им. А. С. Пушкина)
g Правила каталогизации КиК/Елгина
801 Источник записи _1
a Страна RU
b Организация Муниципальное бюджетное учреждение культуры "Централизованная библиотечная система" г. Сургут (Центральная городская библиотека им. А. С. Пушкина)
g Правила каталогизации КиК/Елгина
852 Данные о местонахождении __
j Шифр хранения 88.911
c Каталожный индекс 88.8
i Авторский знак П 86
901 Тип документа __
t Тип документа m
903 Характеристики (МАРС) __
a Дата передачи 20090923
990 Данные о заказе (DOS) __
j Количество экземпляров (DOS) 2
t N записи в КСУ для И/У (DOS) 200910